Name That Famous Landmark - South America - Statistics

General Stats
  • This quiz has been taken 47 times
  • The average score is 5 of 12
Answer Stats
Picture Answer % Correct
Easter Island
93%
Machu Picchu
90%
Christ The Redeemer
85%
Angel Falls
80%
Iguazu Falls
75%
Amazon Rainforest
60%
Nazca Lines
43%
Torres del Paine
8%
Uyuni Salt Flats
8%
Perito Moreno Glacier
5%
El Peñol Rock
3%
Mount Fitz Roy
0%
No matching quizzes found
Score Distribution
Percent of People with Each Score
Percentile by Number Answered
Your Score History
You have not taken this quiz